|
|
|
|
| LEADER |
00781ncm a22002172a 4500 |
| 001 |
000330902 |
| 003 |
CZ BrMZK |
| 005 |
20101122083345.0 |
| 007 |
qu |
| 008 |
980105s1890 it f ita d |
| 040 |
|
|
|a BOA001
|b cze
|
| 072 |
|
7 |
|a 782
|x Divadelní hudba. Opera, opereta, muzikál
|2 Konspekt
|9 9
|
| 100 |
1 |
|
|a Verdi, Giuseppe,
|d 1813-1901
|7 jn19990008764
|4 cmp
|
| 245 |
1 |
2 |
|a I Masnadieri
|h [hudebnina] :
|b melodramma in quattro parti : opera completa canto e pianoforte /
|c di Andrea Maffei
|
| 260 |
|
|
|a Milano :
|b Ricordi,
|c [1890?]
|
| 300 |
|
|
|a 215 s.
|
| 700 |
1 |
|
|a Maffei, Andrea,
|d 1798-1885
|7 xx0097500
|4 lbt
|
| 910 |
|
|
|a BOA001
|b Mus3-0251.801
|
| 990 |
|
|
|a MU
|
| 991 |
|
|
|b 201002
|
| 996 |
6 |
|
|b 2619864831
|c Mus3-0251.801
|l MZK
|r Sklad / do 1 hodiny
|n 5
|w 000330902
|u 000010
|a 1
|e BOA001
|j MZK50
|s P
|